000 00590nam a2200217 i 4500
001 94145
003 ES-MaACL
005 20231218150756.0
007 t|
008 050624s1993 sp ||||1| spa d
020 _a84-604-6994-8
080 _a821.134.2-14"19"
100 1 _aSiles Artés, José,
_d1930-
_9106341
245 1 0 _aCantares de Almería /
_cJosé Siles Artés.
260 _a[Madrid :
_bJ. Siles,
_c1993]
300 _a71 p. :
_bil. ;
_c23 cm.
490 1 _aIndec
830 0 _aIndec
_9184316
852 _aES-MaACL
_jG-871
_bR.136248
999 _c94145
_d94145